000 00688cam a22002173a 4500
001 43081
003 PGUSA
005 20140828083959.0
008 130702s2013||||xxu|||||s|||||000 | eng d
040 _aPGUSA
_beng
042 _adc
100 1 _aBrereton, F. S.
_q(Frederick Sadleir),
_d1872-
245 1 0 _aOn the Road to Bagdad :
_bA Story of Townshend's Gallant Advance on the Tigris
_h[electronic resource] /
_cF. S. Brereton
260 _bProject Gutenberg,
_c2013
506 _aPublic domain in the USA.
516 _aElectronic text
700 1 _aPaget, Walter,
_d1863-1935
830 0 _aProject Gutenberg
_v43081
856 4 0 _uhttp://www.gutenberg.org/ebooks/43081
942 _cEB
999 _c272332
_d272332